| 000 | 01469cam a2200373 i 4500 | ||
|---|---|---|---|
| 001 | zz2003811953 | ||
| 003 | NUKAT | ||
| 005 | 20260321074047.0 | ||
| 008 | 031113s1919 pl |000 0 pol c | ||
| 035 | _a(OCoLC)830263667 | ||
| 035 | _a(NUKAT)zz2003811953 | ||
| 040 |
_aGD U/AJ _bpol _erda _cGD U/AJ _dGD U/AJ _dGD U/KMs _dGD PAN/US _dOLSZT 008/AL |
||
| 100 | 1 |
_aChołoniewski, Antoni _d(1872-1924). _eAutor _935896 |
|
| 245 | 1 | 0 |
_aGdańsk i Pomorze Gdańskie : _buzasadnienie naszych praw do Bałtyku / _cAntoni Chołoniewski. |
| 260 |
_aKraków : _bnakładem Księgarni S. A. Krzyżanowskiego, _c1919. |
||
| 300 |
_a62 strony ; _c15 cm. |
||
| 336 |
_aTekst _btxt _2rdacontent |
||
| 337 |
_aBez urządzenia pośredniczącego _bn _2rdamedia |
||
| 338 |
_aWolumin _bnc _2rdacarrier |
||
| 380 | _aKsiążki | ||
| 530 | _aDostępne w postaci elektronicznej. | ||
| 648 | 7 |
_a1901-2000 _2DBN _934996 |
|
| 648 | 7 |
_a1918-1939 _2DBN _936041 |
|
| 650 | 7 |
_aGranice _2DBN _937325 |
|
| 651 | 7 |
_aGdańsk (woj. pomorskie) _2DBN _935261 |
|
| 651 | 7 |
_aPolska _2DBN _935076 |
|
| 651 | 7 |
_aPomorze Gdańskie _2DBN _937811 |
|
| 651 | 7 |
_aPomorze Gdańskie (Polska ; region) _xhistoria _vwydawnictwa popularne. _2kaba _938693 |
|
| 658 | _aHistoria | ||
| 658 | _aPolityka, politologia, administracja publiczna | ||
| 710 | 2 |
_aS. A. Krzyżanowski (Kraków). _eWydawca _4pbl _913408 |
|
| 856 | 4 | 1 | _uhttp://pbc.gda.pl/dlibra/docmetadata?id=13681&from=&dirids=1&ver_id=&lp=6&QI= |
| 942 |
_2ddc _cBK_NM |
||
| 999 |
_c27202 _d27202 |
||